| 000 | 00951nam a22002777a 4500 | ||
|---|---|---|---|
| 001 | 200460921 | ||
| 003 | TR-AnTOB | ||
| 005 | 20240610135820.0 | ||
| 008 | 240610b tu ||||| |||| 00| 0 tur d | ||
| 020 | _a9786052973653 | ||
| 040 |
_aTR-AnTOB _beng _erda _cTR-AnTOB |
||
| 041 |
_atur _beng |
||
| 092 |
_a808.06835 _bSPO 2021 |
||
| 100 | _qSpock, Jonathan. | ||
| 245 |
_aSakar uzaylılar iş başında : _b ultra sivrisineklerin istilası / _cJonathan Spock ; İtalyancadan çeviren Güliz Akyüz Yıldırım ; çizer Simone Altimani. |
||
| 260 |
_aİstanbul : _bYakamoz Çocuk, _c2021. |
||
| 300 |
_a119 Pages. : _bill. ; _c20 cm. |
||
| 336 |
_atext _btxt _2rdacontent |
||
| 337 |
_aunmediated _bn _2rdamedia |
||
| 338 |
_avolume _bnc _2rdacarrier |
||
| 490 |
_aYakamoz Çocuk ; _v348. |
||
| 500 | _aEserin özgün adı: L'incasione elle ultrazanzare. | ||
| 942 |
_2ddc _cBK |
||
| 999 |
_c200460921 _d79133 |
||